| 000 | 02048nam0a2200409 4500 | ||
|---|---|---|---|
| 001 | RU\NLR\BIBL_A\022622145 | ||
| 005 | 20251124112428.0 | ||
| 010 | _a978-5-6052712-1-5 | ||
| 021 |
_aRU _bКН-П-25-043315 _9КН-П-25-4216 |
||
| 035 | _a(NLR Aleph) 022622145 | ||
| 090 |
_a13469883 _c13469883 |
||
| 100 | _a20250915d2025 u y0rusy50 ca | ||
| 101 | 0 | _arus | |
| 102 | _aRU | ||
| 105 | _aabchz 000yb | ||
| 181 | 0 |
_ai3 _baxxe |
|
| 182 | 0 | _an | |
| 200 | 1 |
_aНастоятели Спасской церкви села Павельцева в годы лихолетья _iСвященномученик Иоанн Виноградов _fсоставители: Наталья Павловна Ушатова, Наталья Николаевна Рождественская |
|
| 203 |
_aТекст _bвизуальный _cнепосредственный |
||
| 210 |
_aМосква _c[б. и.] _d2025 |
||
| 215 |
_a159 с. _cил., цв. ил., портр., факс., карт. _d21 |
||
| 320 | _aБиблиогр. в подстроч. примеч. | ||
| 600 | 1 |
_aВиноградов _bИ. П. _gИоанн Павлович _f1874 - 1937 _cсвященномученик _2nlr_sh2 _3RU\NLR\AUTH\6601763004 |
|
| 601 | 0 | 2 |
_aСпасская церковь _cПавельцево, село; Московская губерния _xНастоятели _2nlr_sh2 _3RU\NLR\AUTH\6601751865 |
| 686 | 2 | _aЭ372.24-655.12 | |
| 686 | 2 | _aЭ372.24-372.1-028 | |
| 702 | 1 |
_aУшатова _bН. П. _gНаталья Павловна _4220 |
|
| 702 | 1 |
_aВиноградов _bИ. П. _cсвященнослужитель _f1874-1937 _gИоанн Павлович _3RU\NLR\AUTH\770286793 _4280 |
|
| 711 | 0 | 2 |
_aСпасская церковь _cс. Павельцево, Московская губ. _3RU\NLR\AUTH\880620965 |
| 942 | _cBOOK | ||
| 980 | _aNB | ||